000 00966naa a22002777a 4500
001 BR7805667
003 BR-BrBNA
005 20240918174225.0
007 ta
008 230509b bl.||||| |||| 00| 0 por d
040 _aBR-BrBNA
_bpor
_cBiblioteca Nacional de Agricultura
041 _a(Pt)
072 _aH00
_b3870
_bG514
090 _aH00 BR7805667
100 1 _aGuerra, M. de S.
100 1 _aSampaio, D.P.
245 1 _aPrimeira listagem analitico-indicativa dos defensivos agricolas [Defesa vegetal; Fitotoxidade; Brasil]
260 3 _aPorto Alegre, RS (Brasil):
_c1978.
500 _aFundamentos do receituario agronomico Porto Alegre, RS (Brasil): 1978. p. 179-200 (BR7805667-AM)H00
650 _aDefesa vegetal
650 _aDefensivo
650 _aFitotoxicidade
773 0 _tFundamentos do receituario agronomico
_wH00 BR7805667
_gPorto Alegre, RS (Brasil), 1978. p. 179-200
909 _a202404
_bLucia
_c55
_dLucia Elande
942 _cAM
_2AGRIS
999 _c309702
_d309702